Determinación de las reservas de potencia reactiva de las subestaciones de Costa Rica hasta el año 2020 (Parte I)
Guardat en:
| Autor principal: | |
|---|---|
| Format: | Llibre |
| Idioma: | Spanish |
| Publicat: |
2006
[San José, Costa Rica]
|
| Matèries: | |
| Etiquetes: |
Afegir etiqueta
Sense etiquetes, Sigues el primer a etiquetar aquest registre!
|
MARC
| LEADER | 00000nam a2200000 a 4500 | ||
|---|---|---|---|
| 003 | 009796 | ||
| 005 | 20221231144118.0 | ||
| 008 | 140114s2006 cr a 000 ||spa d | ||
| 040 | |c cru CEDI | ||
| 090 | |a TFG 5320 | ||
| 100 | |a Garita Brenes, Yancy |9 3491 | ||
| 245 | |a Determinación de las reservas de potencia reactiva de las subestaciones de Costa Rica hasta el año 2020 (Parte I) | ||
| 260 | |c [San José, Costa Rica] |b 2006 | ||
| 300 | |a vii, 80 hojas : ilustraciones (algunas a color) | ||
| 500 | |a Proyecto de graduación (bachillerato en ingeniería eléctrica)--Universidad de Costa Rica. Facultad de Ingeniería. Escuela de Ingeniería Eléctrica | ||
| 650 | |x SUBESTACIONES ELECTRICAS |x COSTA RICA |x SISTEMAS DE ENERGIA ELECTRICA |x DISTRIBUCION DE ENERGIA ELECTRICA |x TRANSMISION DE POTENCIA |9 5390 | ||
| 942 | |c TFG | ||
| 999 | |c 17072 |d 17072 | ||
